000 00434nam a22001577a 4500
003 SGT
020 _a8174463003
082 _a658.401203,PRA
100 _aPRASAD AJIT
245 _aA DICTIONARY OF STRATEGIC MANAGEMENT
260 _aNEW DELHI
_bAXCEL BOOKS
_c2002
300 _a344
650 _aMANAGEMENT
653 _aACQUISITION, ANDREWS,KENNETH, ANSOFF'S IGOR, BALANCE SHEET, BARGAINING POWER OF BUYERS
942 _2ddc
_cFCM
999 _c9488
_d9488